000 00304nam a22001097a 4500
999 _c251904
_d251903
020 _a9780761962304
100 _aMILES JEREMY & SHEVLIN MARK
245 _aAPPLYING REGRESSION & CORRELATION: Aguide for students & researchers
260 _aUK
_bSAGE PUBLICATIONS
_c2013
300 _a253
_bILL
942 _cBK